000 00623nam a2200241Ia 4500
003 OSt
005 20220924153721.0
006 a|||||r|||| 00| 0
007 ta
008 220923b |||||||| |||| 00| 0 mal d
024 _a351407
037 _cTextual
040 _aARTS
_cARTS
_bmal
041 _2mal
_amal
082 _aO32,2:g, L6
100 _aThuraikkannan Au.
_9229597
245 0 _aThamizhil natakam
260 _c1976
650 _a MALAYALAM LITERATURE
_938866
650 _aMALAYALAM DRAMA
_9207189
942 _hO32,2:g, L6
_cTEXL
_2CC
999 _c474599
_d474599